000
00310nam a2200145Ia 4500
100
_a
Freed/ Derfier
942
_c
BK
654
_a
PCMN
245
_a
PC Magzine Guide to using Netware
260
_b
Ziff.Davis
_a
California
_c
1991
082
_a
4.65
_b
PAN
300
_a
318
546
_a
ENGLISH
999
_c
20622
_d
20622